00415nam a2200157 a 450000100060000000300090000600800410001502000150005604000280007108200190009910000160011824500420013426000570017630000100023365000140024313218CO-ViMGA141112s2004 ck r 000 u spa d a8401012635 aCO-ViMGAbspacCO-ViMGA04a658.4092 B695T1 aBoylan, Bob10aTodos remando en la misma dirección aBarcelona : bPlaza y James Editores, cS.A., c1999 a143p.14aLIDERAZGO